00979nam a2200265Ia 4500001000900000003000500009005001700014008004100031020001800072040000900090082001700099100002400116245022100140260002300361300001000384440004500394503000800439650003200447650002700479650006500506650004000571650002300611650005300634700002600687dia_4548CHAP20251021145513.0220601s9999 xx 000 0 und d a950-23-0727-5 cCHAP a330 C67 1998 aCoriart, Benjamín aLos desafios de la competitividad : seminario dictado en la Facultad de Ciencias Económicas de la Universidad de Buenos Aires en el mes de abril 1994 / Benjamín Coriat ; desgrabación y traducción Lucía Vera aArgentina : Eudeba a94 p. aSeminarios intensivos de investigación aC/e a1. Competencia económica  aPolítica industrial  aEmpleados - Efecto de las innovaciones tecnológicas sobre  aEconomic competition among nations  aIndustrial policy  aEmployees--Effect of technological innovation on aVera, Lucía, tr.Ì